000 00544nam a2200181Ia 4500
008 100920s9999 xx 000 0 und d
082 _b51516
_a891.463.1 थ 87
100 _aअत्रे प्रभाकर.
245 _aपालखी.
260 _bमंदार प्रकाशन, पनवेल रायगड.
_c1987
300 _a162
_bसाधी
365 _b35
520 _aलघुकथा.
630 _aपालखी.
650 _aलघुकथा.
730 _aपालखी.
942 _cBOOK
999 _c697257
_d697254